00330nam a2200133Ia 4500008004000000020001500040041000800055082001600063100001700079245002100096260004600117300001200163650002100175210210b2008 xxu||||| |||| 00| 0 eng d a0195695240 aeng a658.42 ROYE aROY (Rajeev) aEntrepreneurship aNew DelhibOxford University Pressc2008 axii,592 aEntrepreneurship